<?xml version="1.0" encoding="UTF-8"?>
<resp>
  <nextPage>https://data.bn.org.pl/api/networks/bibs.marcxml?marc=001+b0000005515708&amp;sinceId=5515709</nextPage>
  <collection>
    <record xmlns='http://www.loc.gov/MARC21/slim'><leader>03155nam a2200661 i 4500</leader><controlfield tag='001'>b0000005515708</controlfield><controlfield tag='005'>20241203215925.6</controlfield><controlfield tag='008'>170413s1786    pl           |000 0 pol  </controlfield><controlfield tag='009'>9910370663005606</controlfield><datafield ind1=' ' ind2=' ' tag='026'><subfield code='a'>aci- a,r-</subfield><subfield code='b'>roc: aron (3)</subfield><subfield code='c'>1786 (A)</subfield><subfield code='5'>WA N</subfield></datafield><datafield ind1=' ' ind2=' ' tag='035'><subfield code='a'>991007124909705066</subfield></datafield><datafield ind1=' ' ind2=' ' tag='035'><subfield code='a'>(PL-WaBN)b55157087-48omnis_nlop</subfield></datafield><datafield ind1=' ' ind2=' ' tag='035'><subfield code='a'>b55157087</subfield></datafield><datafield ind1=' ' ind2=' ' tag='035'><subfield code='a'>(PL)b0000005515708</subfield></datafield><datafield ind1=' ' ind2=' ' tag='040'><subfield code='a'>WA N</subfield><subfield code='c'>WA N</subfield><subfield code='d'>WA N</subfield></datafield><datafield ind1='0' ind2=' ' tag='041'><subfield code='a'>pol</subfield><subfield code='a'>lat</subfield></datafield><datafield ind1='0' ind2=' ' tag='045'><subfield code='b'>d1786</subfield></datafield><datafield ind1=' ' ind2=' ' tag='046'><subfield code='k'>1786</subfield></datafield><datafield ind1='1' ind2=' ' tag='100'><subfield code='a'>Falkowski, Jerzy</subfield><subfield code='d'>(17uu-przed 1789)</subfield><subfield code='e'>Autor</subfield></datafield><datafield ind1='1' ind2='0' tag='245'><subfield code='a'>Zbrodnia Urodzonego Henryka Niemierzyca taiemnicy ciała i krwie chrystusowey naybezboźnieyszego gwałciciela, przekonaniem tegoż nayprzód w konsystorzu polskim łacińskim potym w sądach grodzkich łuckich odkryta. Dla przestępuiących granice religii katolickiey hamulcu z duchownemi prawami i Korony Polskiey mieszkańców ustawami stosowne wyroki ukarania w obydwóch juryzdykicyach powszechności ogłaszaiąca /</subfield><subfield code='c'>w całym zaś przewodzie prawnym prżez W. Jerzego Falkowskiego skarbnika łuckiego dla wiadomości czytaiącym porządnie zebrana i dla wstrzymania z rozwiozłości czcicielów i pomnożycielów sekt od kościoła katolickiego wyklętych, day Boże dla poprawy następney w nieprawościach obłąkanych do druku roku 1786 podana.</subfield></datafield><datafield ind1='3' ind2='5' tag='246'><subfield code='a'>Zbrodnia urodzonego Niemierzyca taiemnicy ciała i krwie chrystusowey naybezbożnieyszego gwałciciela przewodem prawnym w konsystorzu polskim łuckim i sądach grodzkich łuckich odkryta</subfield></datafield><datafield ind1=' ' ind2=' ' tag='260'><subfield code='a'>W Lublinie :</subfield><subfield code='b'>w Drukarni J. K. M. XX. Trynitarów, $c 1786.</subfield></datafield><datafield ind1=' ' ind2=' ' tag='300'><subfield code='a'>[2] karty, 72 strony ;</subfield><subfield code='c'>8°.</subfield></datafield><datafield ind1=' ' ind2=' ' tag='336'><subfield code='a'>Tekst</subfield><subfield code='b'>txt</subfield><subfield code='2'>rdacontent</subfield></datafield><datafield ind1=' ' ind2=' ' tag='337'><subfield code='a'>Bez urządzenia pośredniczącego</subfield><subfield code='b'>n</subfield><subfield code='2'>rdamedia</subfield></datafield><datafield ind1=' ' ind2=' ' tag='338'><subfield code='a'>Wolumin</subfield><subfield code='b'>nc</subfield><subfield code='2'>rdacarrier</subfield></datafield><datafield ind1=' ' ind2=' ' tag='380'><subfield code='a'>Książki</subfield></datafield><datafield ind1=' ' ind2=' ' tag='380'><subfield code='a'>Starodruki</subfield></datafield><datafield ind1='1' ind2=' ' tag='388'><subfield code='a'>1701-1800</subfield></datafield><datafield ind1='4' ind2=' ' tag='510'><subfield code='a'>Estr. XV-XVIII,</subfield><subfield code='c'>XVI, 168-169.</subfield></datafield><datafield ind1='4' ind2=' ' tag='510'><subfield code='a'>Dziok-Strelnik,</subfield><subfield code='c'>225.</subfield></datafield><datafield ind1=' ' ind2=' ' tag='546'><subfield code='a'>Fragmenty w języku łacińskim.</subfield></datafield><datafield ind1='1' ind2='7' tag='600'><subfield code='a'>Niemirycz, Henryk</subfield><subfield code='d'>(1750-?)</subfield><subfield code='2'>DBN</subfield></datafield><datafield ind1=' ' ind2='7' tag='648'><subfield code='a'>1701-1800</subfield><subfield code='2'>DBN</subfield></datafield><datafield ind1=' ' ind2='7' tag='650'><subfield code='a'>Prześladowania religijne</subfield><subfield code='2'>DBN</subfield></datafield><datafield ind1=' ' ind2='7' tag='650'><subfield code='a'>Heretycy</subfield><subfield code='2'>DBN</subfield></datafield><datafield ind1=' ' ind2='7' tag='655'><subfield code='a'>Opracowanie</subfield><subfield code='2'>DBN</subfield></datafield><datafield ind1=' ' ind2=' ' tag='658'><subfield code='a'>Prawo i wymiar sprawiedliwości</subfield></datafield><datafield ind1=' ' ind2=' ' tag='658'><subfield code='a'>Religia i duchowość</subfield></datafield><datafield ind1='2' ind2=' ' tag='710'><subfield code='a'>Drukarnia Trynitarzy (Lublin)</subfield><subfield code='e'>Druk</subfield></datafield><datafield ind1=' ' ind2=' ' tag='752'><subfield code='a'>Polska</subfield><subfield code='d'>Lublin.</subfield></datafield><datafield ind1=' ' ind2=' ' tag='852'><subfield code='8'>22471160860005066</subfield><subfield code='j'>1</subfield><subfield code='h'>SD W.1.922</subfield><subfield code='b'>BN_PL</subfield><subfield code='p'>777i53279797</subfield><subfield code='c'>bstdr</subfield></datafield><datafield ind1=' ' ind2=' ' tag='852'><subfield code='b'>48OMNIS_NETWORK</subfield><subfield code='8'>9910370663005606</subfield></datafield><datafield ind1=' ' ind2=' ' tag='852'><subfield code='b'>48OMNIS_NLOP</subfield><subfield code='8'>991007124909705066</subfield></datafield><datafield ind1=' ' ind2=' ' tag='950'><subfield code='u'>https://eu05.alma.exlibrisgroup.com/view/uresolver/48OMNIS_NETWORK/openurl?u.ignore_date_coverage=true&amp;portfolio_pid=53705436110005066&amp;Force_direct=true</subfield><subfield code='z'>Zobacz w Polonie: egzemplarz SD W.1.922</subfield><subfield code='8'>53705436110005066</subfield></datafield></record>
  </collection>
</resp>
